| 000 | 02558nam0a2200349 4500 | ||
|---|---|---|---|
| 001 | RU\NLR\BIBL_A\022099863 | ||
| 005 | 20260406025039.0 | ||
| 010 |
_a978-5-9571-3475-6 _9100 |
||
| 035 | _a(NLR Aleph) 022099863 | ||
| 090 |
_a12743096 _c12743096 |
||
| 100 | _a20231220d2023 |||y0rusy50 ca | ||
| 101 | 0 | _arus | |
| 102 | _aRU | ||
| 105 | _aa j 000yy | ||
| 181 | 0 |
_ai _baxxe |
|
| 182 | 0 | _an | |
| 200 | 1 |
_aОбщая экология _eучебное пособие _eдля студентов вузов, обучающихся по экологическим и географическим специальностям _fА. Г. Корнилов, П. В. Голеусов, В. А. Олейникова _gМинистерство науки и высшего образования Российской Федерации, Федеральное государственное автономное образовательное учреждение высшего образования "Белгородский государственный национальный исследовательский университет" |
|
| 203 |
_aТекст _bвизуальный _cнепосредственный |
||
| 210 |
_aБелгород _cИздательский дом "БелГУ" НИУ "БелГУ" _d2023 |
||
| 215 |
_a154 c. _cил., табл. _d21 |
||
| 300 | _aДоп. переизд. кн.: Общая экология: учебное пособие / А. Г. Корнилов, А. Н. Петин, П. В. Голеусов. Белгород: Изд-во БелГУ, 2004 г. 176 с. | ||
| 320 | _aБиблиогр.: с. 148 | ||
| 451 | 0 |
_12001#$aОбщая экология$eучебное пособие$fА. Г. Корнилов, А. Н. Петин, П. В. Голеусов _1210##$aБелгород$cИзд-во БелГУ$d2004 _1215##$a176 с. _tОбщая экология |
|
| 606 | 1 |
_aЭкология _jУчебные издания для высших учебных заведений _9939347 _3RU\NLR\AUTH\6628592 |
|
| 686 | 1 | _aЕ081я731 | |
| 700 | 1 |
_8rus _7ca _aКорнилов _bА. Г. _f1961- _gАндрей Геннадьевич _3RU\NLR\AUTH\77126656 _9109580 |
|
| 701 | 1 |
_8rus _7ca _aГолеусов _bП.В. _f1976- _gПавел Вячеславович _3RU\NLR\AUTH\7735443 _918440 |
|
| 701 | 1 |
_aОлейникова _bВ. А. _gВалентина Анатольевна |
|
| 942 | _cBOOK | ||
| 980 | _aNB | ||